| 000 | 005280000a22001930004500 | ||
|---|---|---|---|
| 001 | 6 | ||
| 003 | CO-MdFUSB | ||
| 005 | 20170515153100.0 | ||
| 008 | 170515b xxu||||| |||| 00| 0 eng d | ||
| 020 | _a84-488-1535-5 | ||
| 040 | _cCO-MdBIC | ||
| 082 | 0 | 4 | _a863C C281d |
| 100 | 1 | _aCatchpool, Michael | |
| 245 | 1 | 0 | _aDonde hay un oso, hay un problema / Michael Catchpool, il. Vanessa Cabban, Traduccion : Helena SepĂșlveda |
| 260 | _aBarcelona : Beascoa | ||
| 300 | _a[28 P.] | ||
| 650 | 1 | 4 | _aLiteratura infantil |
| 942 | _cLGB | ||
| 999 |
_c47266 _d47266 |
||